000 00522nam a2200193Ia 4500
005 20250508165625.0
008 008 250505s9999 xx 000 0 eng d
037 _aTextual
040 _aFEDL
_beng
_cFEDL
041 _aeng
_2eng
084 _a823, NAT
_qFEDL
245 0 _aJourney through the universe
245 0 _cNational book trust of india
260 _aDelhi, India
_bNational Book Trust
_c1986
300 _a62p.
365 _aINR
_b7.5
942 _cTEXL
_h823, NAT
999 _c1396270
_d1396270